000 00278 a2200121 4500
001 155140
040 _cEscola São Tomás de Aquino
240 1 0 _aParques Nacionais Brasil
_lpor
245 1 0 _aParques Nacionais Brasil
362 0 _a2002
697 _aGENERALIDADES
942 _cBK
999 _c155140
_d155140